00375nam a22001337a 450000500170000000800410001704100130005808200130007110000130008424500400009726000550013730000240019265000250021620240712070951.0240712b |||||||| |||| 00| 0 eng d aEnglish  a349 PRE  lEnglish  aPrentice Hall Weekly Legal Service  aDurban: bPrentice Hall Service (Pty) Ltd, c1975  b97 pages; c26 cm.  aLegal service bLaw